LEADER 02728nam 2200601Ia 450 001 9910644273303321 005 20230213211356.0 010 $a1-282-34572-9 010 $a9786612345722 010 $a0-470-31952-6 010 $a0-470-06668-7 035 $a(CKB)1000000000376437 035 $a(EBL)470375 035 $a(OCoLC)609849214 035 $a(SSID)ssj0000305233 035 $a(PQKBManifestationID)11263500 035 $a(PQKBTitleCode)TC0000305233 035 $a(PQKBWorkID)10285448 035 $a(PQKB)10591916 035 $a(MiAaPQ)EBC470375 035 $a(EXLCZ)991000000000376437 100 $a19840816d1984 uy 0 101 0 $aeng 135 $aur|n|---||||| 181 $ctxt 182 $cc 183 $acr 200 00$aOrganic reaction mechanisms$h1982$iAn annual survey covering the literature dated December 1981 through November 1982$b[electronic resource] /$fedited by A. C. Knipe and W. E. Watts 210 $aChichester ;$aNew York $cWiley$dc1984 215 $a1 online resource (572 p.) 225 0 $aOrganic reaction mechanicsm ;$v1982 300 $aDescription based upon print version of record. 311 $a0-471-90202-0 320 $aIncludes bibliographies and indexes. 327 $aORGANIC REACTION MECHANISMS . 1982; Contents; 1. Reactions of Aldehydes and Ketones; 2. Reactions of Acids and their Derivatives; 3. Radical Reactions 1; 4. Radical Reactions 2; 5. Oxidation and Reduction; 6. Carbenes and Nitrenes; 7. Nucleophilic Aromatic Substitution; 8. Electrophilic Aromation Substitution; 9. Carbonium Ions; 10. Nucleophilic Aliphatic Substitution; 11. Carbanions and Electmphilic Aliphatic Substitution; 12. Elimination Reactions; 13. Addition Reactions-1. Polar; 14. Addition Reactions-2. Cycloaddition; 15. Molecular Rearrangements; Author Index; Subject Index 330 $aThis annual series on organic reaction mechanisms research provides concise, comprehensive coverage of the year's literature as well as discussions of important results. The present volume either discusses or lists all published work dated from December to November inclusive, that deals significantly with any aspect of organic reaction mechanisms. 410 0$aOrganic Reaction Mechanisms Series 606 $aChemistry, Organic 606 $aChemical reactions 615 0$aChemistry, Organic. 615 0$aChemical reactions. 676 $a547.1 676 $a547.139 676 $a547.2 701 $aKnipe$b A. C$0854345 701 $aWatts$b W. E$095643 801 0$bMiAaPQ 801 1$bMiAaPQ 801 2$bMiAaPQ 906 $aBOOK 912 $a9910644273303321 996 $aOrganic reaction mechanisms$91910006 997 $aUNINA LEADER 01131nas 2200385- 450 001 9910855698503321 005 20240915213022.0 011 $a2805-8658 035 $a(OCoLC)1443670873 035 $a(CKB)5600000000850297 035 $a(CONSER)--2024204223 035 $a(EXLCZ)995600000000850297 100 $a20240616a20219999 --- a 101 0 $aspa 135 $aurunu|||||||| 181 $ctxt$2rdacontent 182 $cc$2rdamedia 183 $acr$2rdacarrier 200 00$aAccounting and management research 210 1$aMedellín :$cCorporación Universitaria Remington,$d2021- 215 $a1 online resource 517 1 $aRevista accounting and management research 517 1 $aAMR 531 0 $aAccount. Manag. Res. 606 $aAccounting$vPeriodicals 606 $aAccounting$xManagement$vPeriodicals 606 $aEconomics$vPeriodicals 615 0$aAccounting 615 0$aAccounting$xManagement 615 0$aEconomics 712 02$aUniremington (University), 906 $aJOURNAL 912 $a9910855698503321 996 $aAccounting and Management Research$94160599 997 $aUNINA